000 00508nam a22001817a 4500
003 LK-CoDNM
005 20250219134723.0
008 250219b |||||||| |||| 00| 0 eng d
040 _aLK-CoDNM
_dLK-CoDNM
_eLK-CoDNM
041 _aeng
080 _aRC
_b275
100 _aLawrie Campbell Archibald
245 _aA Gazetteer Of The Central Province Of Ceylon - Volume II
260 _aColombo
_bJ.A. Skeen Government Printer
_g1898
300 _a974p. : ; 23cm
650 _aRare Collection
942 _cBK
999 _c238237
_d238237